The Assertive Practitioner: How to Improve Early Years Practice Through Effective Communication. (Record no. 4367)

MARC details
005 - DATE AND TIME OF LATEST TRANSACTION
control field 20250619082315.0
020 ## - INTERNATIONAL STANDARD BOOK NUMBER
International Standard Book Number 978-1-138-83232-9
082 ## - DEWEY DECIMAL CLASSIFICATION NUMBER
Classification number 372.67 PRI
100 ## - MAIN ENTRY--PERSONAL NAME
Author name PRICE, D.
245 ## - TITLE STATEMENT
Title The Assertive Practitioner: How to Improve Early Years Practice Through Effective Communication.
260 ## - PUBLICATION, DISTRIBUTION, ETC.
Place of publication, distribution, etc. London,
Name of publisher, distributor, etc. Routledge,
Date of publication, distribution, etc. 2016.
300 ## - PHYSICAL DESCRIPTION
Extent ix, 102p.: ill.;
Other physical details Index
Dimensions 20cm
700 ## - ADDED ENTRY--PERSONAL NAME
Other authors/Editors OTA, C.
856 ## - ELECTRONIC LOCATION AND ACCESS
Link text Access Online Book
Electronic name Assertive Practitioner
Path www.routledge.com/education
942 ## - ADDED ENTRY ELEMENTS (KOHA)
Source of classification or shelving scheme Dewey Decimal Classification
Koha item type Books
Holdings
Date last seen Total checkouts Full call number Barcode Cost, replacement price Price effective from Koha item type Lost status Source of classification or shelving scheme Damaged status Not for loan Withdrawn status Home library Current library Shelving location Date acquired Cost, normal purchase price
06/19/2025   372.67 PRI 00000013166 61200.00 06/19/2025 Books   Dewey Decimal Classification       College of Business Education Main Library College of Business Education Main Library General Collection 04/04/2025 20400.00